000 00471nam a2200181Ia 4500
008 151202s9999||||xx |||||||||||||| ||und||
082 _bPNVM-21540
100 _aकाळे श्रीपाद.
245 _aअभोगी.
260 _b---
260 _c0
300 _a0
600 _aकाळे श्रीपाद.
630 _aअभोगी.
700 _aकाळे श्रीपाद.
730 _aअभोगी.
942 _cBOOK
999 _c1287516
_d1287513